000
00275nam a2200109Ia 4500
008
220204s9999 xx 000 0 und d
082
_a
778.534
_b
PER;1
100
_a
Perisic, Zoran
245
0
_a
Focal guide to shooting animation
260
_a
London
_b
Focal
_c
1978
942
_c
BK
999
_c
33079
_d
33079